Hirdetések ingyen
Elmentve itt :
| Szerző: | |
|---|---|
| Dokumentumtípus: | Cikk |
| Megjelent: |
1982-07-02
|
| Sorozat: | Délmagyarország
72 No. 127 |
| Kulcsszavak: | reklám |
| Online Access: | http://dmarchiv.bibl.u-szeged.hu/109176 |
| LEADER | 00430nab a2200157 i 4500 | ||
|---|---|---|---|
| 001 | delm109176 | ||
| 005 | 20190624103505.0 | ||
| 008 | 190624s1982 hu o 0|| hun d | ||
| 040 | |a SZTE Délmagyarország Archívum |b hun | ||
| 041 | |a hun | ||
| 100 | 1 | |a Nagy László | |
| 245 | 1 | 0 | |a Hirdetések ingyen |h [elektronikus dokumentum] / |c Nagy László |
| 260 | |c 1982-07-02 | ||
| 300 | |a 8 | ||
| 490 | 0 | |a Délmagyarország |v 72 No. 127 | |
| 695 | |a reklám | ||